La espuma sucia del río: sandinismo y transición política en Nicaragua /
Este libro pretende ser un recuento, por supuesto muy subjetivo y basado en los apuntes y observaciones de Erick Aguirre como periodista, del devenir político del Frente Sandinista a lo largo de casi toda la década de los noventa. El hecho de que cada capítulo de este libro signifique un período cro...
Պահպանված է:
| Հիմնական հեղինակ: | |
|---|---|
| Ձևաչափ: | Տեքստ |
| Լեզու: | Spanish |
| Հրապարակվել է: |
Managua:
CIRA
2001
|
| Խորագրեր: | |
| Ցուցիչներ: |
Ավելացրեք ցուցիչ
Չկան պիտակներ, Եղեք առաջինը, ով նշում է այս գրառումը!
|
MARC
| LEADER | 00000 a a2200000 04500 | ||
|---|---|---|---|
| 001 | 35523 | ||
| 003 | cru CIDCACS/IIS | ||
| 005 | 20230703083544.0 | ||
| 008 | 230703e2001 nq ||||| |||| 00| 0 spa d | ||
| 020 | |a 99924-46-09-9 | ||
| 040 | |c CRAI/IIS | ||
| 090 | |a 04.03.01 A284e | ||
| 100 | |a Aguirre, Erick | ||
| 245 | |a La espuma sucia del río: sandinismo y transición política en Nicaragua / |c Erick Aguirre | ||
| 260 | |a Managua: |b CIRA |c 2001 | ||
| 300 | |a 188 páginas | ||
| 520 | |a Este libro pretende ser un recuento, por supuesto muy subjetivo y basado en los apuntes y observaciones de Erick Aguirre como periodista, del devenir político del Frente Sandinista a lo largo de casi toda la década de los noventa. El hecho de que cada capítulo de este libro signifique un período cronológico específico, indica al lector que cada artículo, crónica o entrevista comprendidos en ellos, aunque deban leerse en tiempo presente, es decir, desde la perspectiva del momento en que fueron escritos también proporcionan la oportunidad de comprender en detalle el proceso evolutivo de una organización política en una sociedad políticamente dinámica, pero institucionalmente estancada o relativamente estática | ||
| 650 | |a POLITICA | ||
| 650 | |a SERVICIO MILITAR | ||
| 650 | |a SEGURIDAD | ||
| 650 | |a ELECCIONES | ||
| 650 | |a GERRILLEROS | ||
| 650 | |a NICARAGUA | ||
| 942 | |2 ddc |c LI |h 04.03.01 A284e |i 03048 |6 040301_A284E_03048 | ||
| 999 | |c 10712 |d 10712 | ||



